008100000a22002650004500090001300000245007700013260000900090044001300099041001400112690003100126690003300157610006700190653001400257653001600271653001400287653001900301653001400320653001400334700004100348700003900389100004400428942001300472773004200485999001700527 aSeriadas10aGasterópodos terrestres del Jardín Botánico José Celestino Mutis c2005 aColombia0 aEspañol aMoluscos terrestres992483 aEspecies introducidas99638614aJardín Botánico de Bogotá José Celestino Mutis9100554 fPunctidae fOxychilidae fMilacidae fAgriolimacidae fArionidae fHelicidae1 aCaicedo Ramírez, Guadalupe91005561 aArias Olmos, Diana Marcela91005571 aMedina Bermúdez, Clara Inés9100558 cARTICULO1 tPérez Arbelaeziah16q137-147d2005 c16309d16309